| 000 | 01078nam a22003497a 4500 | ||
|---|---|---|---|
| 001 | 0001964 | ||
| 003 | KOHA_MİRAKIL | ||
| 005 | 20260207001257.0 | ||
| 007 | ta | ||
| 008 | 090209b1998 tu |||gr||||#||||0|tur | | ||
| 020 | _a975316016X | ||
| 040 |
_aTR-BiSEU _btur _cTR-BiSEU _erda |
||
| 041 | 0 | _atur | |
| 044 | _ctu | ||
| 050 |
_aHF5657.4 _b.S48 1998 |
||
| 100 | 1 | _aSevgener, A. Sait. | |
| 245 | 1 |
_aYönetim muhasebesi/ _cA. Sait Sevgener ; A. Sait Sevgener, Rüstem Hacırüstemoğlu. |
|
| 264 | 1 |
_aİstanbul : _bAlfa Yayınları _c1998 |
|
| 300 | _a415 sayfa: grafik | ||
| 336 |
_ametin _btxt _2rdacontent |
||
| 337 |
_aaracısız _bn _2rdamedia |
||
| 338 |
_acilt _bnc _2rdacarrier |
||
| 490 | 1 |
_aYayın no ; _v364. |
|
| 490 | 1 |
_aDizi no ; _v 43. |
|
| 500 | _aCover title :Muhasebe sistemi uygulama genel tebliğlerine göre yönetim muhasebesi. | ||
| 500 | _aKaynakça var. | ||
| 650 | 0 |
_aYönetim Muhasebesi. _95659 |
|
| 650 | 0 |
_aManagerial accounting. _95660 |
|
| 830 | 1 |
_aYayın no ; _v364. _91619 |
|
| 830 | 1 |
_aDizi no ; _v 43. _94170 |
|
| 942 |
_2lcc _cBK |
||
| 999 |
_c1951 _d1951 |
||